Foreign policy of India (Record no. 497)

MARC details
000 -LEADER
fixed length control field 00465cam a2200193ua 4500
008 - FIXED-LENGTH DATA ELEMENTS--GENERAL INFORMATION
fixed length control field 110407n ii |||gr||||Z||||||eng
040 ## - CATALOGING SOURCE
Transcribing agency MAIN
082 ## - DEWEY DECIMAL CLASSIFICATION NUMBER
Classification number 327.54
245 1# - TITLE STATEMENT
Title Foreign policy of India
Statement of responsibility, etc. by U.R. Ghai
250 ## - EDITION STATEMENT
Edition statement 10th.
260 ## - PUBLICATION, DISTRIBUTION, ETC.
Place of publication, distribution, etc. Jalandhar:
Name of publisher, distributor, etc. New academic ,
Date of publication, distribution, etc. 2007.
300 ## - PHYSICAL DESCRIPTION
Extent 496P:
Dimensions 35cm.
700 ## - ADDED ENTRY--PERSONAL NAME
Personal name Ghai, U.R.,
700 ## - ADDED ENTRY--PERSONAL NAME
Personal name K.K. Ghai.
942 ## - ADDED ENTRY ELEMENTS (KOHA)
Koha item type Books
653 ## - INDEX TERM--UNCONTROLLED
Uncontrolled term Political science
653 ## - INDEX TERM--UNCONTROLLED
Uncontrolled term Foreign policy of India
Holdings
Withdrawn status Lost status Damaged status Not for loan Home library Current library Shelving location Date acquired Total Checkouts Full call number Barcode Date last seen Copy number Price effective from Koha item type
        Central Library, Naharkatiya College Central Library, Naharkatiya College   19/09/2020   327.54 | GHA 17347 19/09/2020 1 19/09/2020 Books

Naharkatiya College © 2020. All rights reserved.

Powered By